| 000 | 00862nam a2200229 a 4500 | ||
|---|---|---|---|
| 001 | 000042501 | ||
| 005 | 20201002040208.0 | ||
| 008 | 131205s1972 sp 000 0 spa d | ||
| 040 |
_aDO-SdBNP _bspa _cBNPHU |
||
| 041 | 1 | 7 |
_aspa _heng |
| 082 |
_axxx _bxxx |
||
| 100 | 1 |
_aKofler, Leo _d1907- _969699 |
|
| 240 | 1 | 0 |
_aAbstrakte kunst und absurde literatur _lEspañol |
| 245 | 1 | 0 |
_aArte abstracto y literatura del absurdo / _cLeo Kofler ; traducción de Eduardo Subirats. |
| 260 |
_aBarcelona : _bBarral Editores, _c1972. |
||
| 300 |
_a240 p. ; _c20 cm. |
||
| 490 | 1 |
_aBreve biblioteca de respuesta _v42 |
|
| 500 | _aIncluye referencias bibliográficas y notas al pie de las páginas | ||
| 500 | _aIncluye datos biográficos del autor en la solapa de la cubierta | ||
| 700 | 1 | 2 |
_aSubirats, Eduardo _etr. _950736 |
| 830 | 0 |
_aBreve biblioteca de respuesta ; _n42 _969700 |
|
| 999 |
_c41990 _d41990 |
||